000 00347nam a2200133Ia 4500
008 151001s9999||||xx |||||||||||||| ||und||
100 _aचि त्र्य खानोलकर
245 _aकाडूरा
250 _a2
260 _bपुणे प्रकाशन
260 _c1978
300 _a121
365 _b21
999 _c963291
_d963288